Euro 2020 Group C - Ukraine - Austria - Statistics

General Stats
  • This quiz has been taken 38 times
  • The average score is 18 of 30
Answer Stats
Player % Correct
David Alaba
97%
Andriy Yarmolenko
94%
Marko Arnautović
94%
Marcel Sabitzer
91%
Oleksandr Zinchenko
88%
Konrad Laimer
82%
Aleksandar Dragović
79%
Stefan Lainer
76%
Andriy Shevchenko
71%
Christoph Baumgartner ¹
71%
Roman Yaremchuk
71%
Xaver Schlager
71%
Daniel Bachmann
68%
Martin Hinteregger
68%
Vitaliy Mykolenko
68%
Florian Grillitsch
53%
Franco Foda
53%
Heorhiy Bushchan
53%
Ruslan Malinovskyi
53%
Mykola Shaparenko
47%
Saša Kalajdžić
44%
Illia Zabarnyi
41%
Marlos
41%
Mykola Matviyenko
41%
Oleksandr Karavayev
35%
Serhiy Sydorchuk
32%
Viktor Tsyhankov
29%
Stefan Ilsanker
24%
Alessandro Schöpf
21%
Artem Besyedin
12%
No matching quizzes found
Score Distribution
Percent of People with Each Score
Percentile by Number Answered
Your Score History
You have not taken this quiz